Statistics for Most Populated Countries Bordering the Atlantic Ocean

Click here to take the quiz!

General Stats

  • This quiz has been taken 548 times
  • The average score is 13 of 15

Answer Stats

PopulationCountry% Correct
325_896,000United States
99%
208,098,000Brazil
99%
67,135,000France
98%
65,648,100United Kingdom
98%
123,364,426Mexico
95%
46,528,966Spain
93%
193,500,543Nigeria
88%
56,521,900South Africa
88%
146,809,643Russia
85%
60,525,277Italy
85%
82,800,000Germany
83%
81,339,988D.R. Congo
83%
95,877,600Egypt
80%
79,814,871Turkey
76%
49,438,700Colombia
75%

Score Distribution

Percentile by Number Answered

Percent of People with Each Score

Your Score History

You have not taken this quiz